banner koha

Pitágoras na cana (Registro n. 332463)

MARC details
000 -LÍDER
fixed length control field 00802nab a2200241 4500
003 - CÓDIGO MARC DA AGÊNCIA CATALOGADORA
Campo de controle BR-BrBNA
005 - DATA E HORA DA ÚLTIMA ATUALIZAÇÃO
Campo de controle 20250709105114.0
008 - CAMPO DE TAMANHO FIXO
fixed length control field 250709b bl.||||| |||| 00| 0 por d
040 ## - FONTE DA CATALOGAÇÃO
Agência catalogadora BR-BrBNA
Idioma da catalogação por
072 ## - CATEGORIA AGRIS
Código AGRIS U10 ; F01 ; E10 ; E20 ; E70
Código do objeto 0230
100 ## - ENTRADA PRINCIPAL - NOME PESSOAL
Nome pessoal Taguchi, Viviane
245 ## - TÍTULO PRINCIPAL
Título principal Pitágoras na cana
Subtítulo Agrofinanças
500 ## - NOTA GERAL
Nota geral 2 illus.
942 ## - ADDED ENTRY ELEMENTS (KOHA)
Koha item type Analítica
650 ## - ASSUNTO - THESAGRO
Cabeçalho tópico ou nome geográfico CANA DE AÇÚCAR
650 ## - ASSUNTO - THESAGRO
Cabeçalho tópico ou nome geográfico MODELO MATEMÁTICO
650 ## - ASSUNTO - THESAGRO
Cabeçalho tópico ou nome geográfico PROGRAMAÇÃO LINEAR
650 ## - ASSUNTO - THESAGRO
Cabeçalho tópico ou nome geográfico TOMADA DE DECISÃO
650 ## - ASSUNTO - THESAGRO
Cabeçalho tópico ou nome geográfico PRODUTIVIDADE
650 ## - ASSUNTO - THESAGRO
Cabeçalho tópico ou nome geográfico RENTABILIDADE
773 0# - ENTRADA ANALÍTICA
Host Biblionumber 1706
Registro do item 347906
Imprenta São Paulo-SP Editora Três Ltda - E-mail: luizfsa@revistadinheiro.com.br 2004
Outro identificador 2025-0405
Título Dinheiro Rural (Brazil)
ISSN 1807-3700
Colação v. 6(68) p. 92-93; (Jun 2010)
Número de controle de registro BR2025003748

Nenhum exemplar disponível.

BINAGRI

Telefone: (61)3218-2567/2388/3357/2097 - binagri@agro.gov.br

Ministério da Agricultura e Pecuária , Esplanada dos Ministérios, Bloco D, Anexo B, Brasília/DF, CEP: 70.043-900